|
|
|
|
| LEADER |
00000nab a2200000 a 4500 |
| 001 |
vtls000531604 |
| 003 |
SK-MaSNL |
| 005 |
20260303010732.0 |
| 008 |
160204c1994 xo 0 cze |
| 015 |
|
|
|a SNBRA19rr/mm-uuuuu
|
| 035 |
|
|
|a CL0531742
|
| 040 |
|
|
|a SNKBUCL
|b slo
|c SNKBUCL
|e AACR2
|
| 041 |
0 |
|
|a cze
|
| 044 |
|
|
|a xo
|c SK
|
| 080 |
|
|
|a 629.4.017.001.573
|2 1981
|
| 100 |
1 |
|
|a Polách, Oldřich,
|d 1955-
|4 aut
|9 98885
|
| 245 |
1 |
0 |
|a Matematické modelování brzdění kolejových vozidel několika brzdovými systémy
|c Oldřich Polách
|
| 300 |
|
|
|b Grafy 9, sch. 1, res. angl., čes., nem., lit. 9 zázn. v češ., nem., ruš.
|
| 650 |
0 |
7 |
|a vozidlá koľajové
|x brzdenie
|x systémy rôzne
|x modelovanie matematické
|2 snkbucl
|9 988503
|
| 650 |
0 |
7 |
|a brzdenie
|2 snkbucl
|9 283696
|
| 655 |
|
7 |
|a články zo zborníkov
|2 snkbucl
|9 166140
|
| 773 |
0 |
|
|t Práce a štúdie Vysokej školy dopravy a spojov v Žiline. Séria strojnícka 20
|d Žilina : VŠDS, 1994
|g S. 99-117
|z 8071001929
|
| 850 |
|
|
|a Slovenská národná knižnica v Martine
|a MTA001
|
| 852 |
|
|
|a SNK
|b KIS3GCP
|
| 958 |
|
|
|a NB
|
| 958 |
|
|
|a RK
|
| 958 |
|
|
|a CZ
|
| 992 |
|
|
|a RZB
|
| 999 |
|
|
|c 1588694
|d 1590624
|